Bibliografía general de referencia sobre las Comunidades Europeas
Uloženo v:
| Médium: | Text |
|---|---|
| Tagy: |
Přidat tag
Žádné tagy, Buďte první, kdo vytvoří štítek k tomuto záznamu!
|
MARC
| LEADER | 00000 a a2200000 04500 | ||
|---|---|---|---|
| 001 | 1820 | ||
| 003 | |||
| 040 | |||
| 245 | |a Bibliografía general de referencia sobre las Comunidades Europeas | ||
| 773 | |g número 3; página 134 | ||
| 999 | |c 26086 |d 26086 | ||
